| 000 | 00682cam a2200145 4500500 | ||
|---|---|---|---|
| 005 | 20251228082900.0 | ||
| 041 | _afre | ||
| 042 | _adc | ||
| 100 | 1 | 0 |
_aHoullemare, Marie _eauthor |
| 245 | 0 | 0 | _aBruno Petey-Girard, Les méditations chrétiennes d’un parlementaire. Étude sur les premières œuvres de piété de Guillaume du Vair, Paris, Honoré Champion, « Études et Essais sur la Renaissance », 2003. Un vol. 15 × 22,5 cm de 442 p. |
| 260 | _c2005. | ||
| 500 | _a9 | ||
| 786 | 0 | _nDix-septième siècle | 226 | 1 | 2005-03-01 | p. 165a-186a | 0012-4273 | |
| 856 | 4 | 1 | _uhttps://shs.cairn.info/revue-dix-septieme-siecle-2005-1-page-165a?lang=fr&redirect-ssocas=7080 |
| 999 |
_c1599969 _d1599969 |
||